00260nam a2200109Ia 4500008004100000245004000041260001600081440000600097521002300103942000700126999001700133140130s9999 xx 000 0 und d cSteedman, ScottaEgyptian news, the bScholastic, v1 aGrade 7 - Grade 12 cBK c41334d41334